Count Them Quickly ! - Statistics

General Stats
  • This quiz has been taken 129 times
  • The average score is 5 of 20
Answers on the Map
Answers color-coded by a green-red scale on the quiz's map according to % correct below.
 
Answer Stats
Answer % Correct
3
100%
7
74%
5
68%
2
63%
6
54%
8
47%
7
28%
6
26%
4
18%
9
12%
7
7%
1
0%
3
0%
5
0%
6
0%
7
0%
8
0%
8
0%
9
0%
9
0%
No matching quizzes found
Score Distribution
Percent of People with Each Score
Percentile by Number Answered
Your Score History
You have not taken this quiz